Score 0/15 Timer 04:00
2 Plays Today
% Correct
The Wonderful Wizard of Oz
94.4%
Around the World in Eighty Days
91.3%
The Fellowship of the Ring
90.7%
The Adventures of Huckleberry Finn
90.3%
Divine Comedy
85%
The Grapes of Wrath
80.1%
The Hitchhiker's Guide to the Galaxy
78.6%
The Odyssey
76.9%
% Correct
A Game of Thrones
76%
The Three Musketeers
65.4%
The Da Vinci Code
65.2%
Dracula
61.5%
The Golden Compass
50.8%
Frankenstein
32.4%
The Eye of the World
30%

You're not logged in!

Compare scores with friends on all Sporcle quizzes.
OR
Log In

Sporcle TV

Today on Sporcle TV


Watch our educational content, quiz creation guides, and fun videos on Sporcle TV.

Show Comments

Extras

Top Quizzes Today


Score Distribution

Paid Content

Your Account Isn't Verified!

In order to create a playlist on Sporcle, you need to verify the email address you used during registration. Go to your Sporcle Settings to finish the process.

Report this User

Report this user for behavior that violates our Community Guidelines.

Details: